000 00352nam a2200133Ia 4500
008 231129s9999||||xx |||||||||||||| ||spa||
020 _a958-30-0292-5
040 _bspa
082 _aCo863 N718ra
100 _aNiño Jairo Aní­bal
245 0 _aRazzgo Indo y Zaz
264 _aPanamericana
942 _2ddc
_cBKS
999 _c23743
_d23743